000 00623nam a2200217Ia 4500
003 OSt
005 20220926013741.0
006 a|||||r|||| 00| 0
007 ta
008 220923b |||||||| |||| 00| 0 eng d
037 _cGeneral Book
040 _aRTL
_cRTL
_beng
041 _2eng
_aeng
082 _aX:8:(B), K4
100 _aTEICHROEW Daniel
_9271963
245 0 _aIntroduction to management Science
_b Deterministic Models
260 _aNew York
_bJohn Wiley & Sons Inc.
_c1964
300 _axix,713p.
_ccm.
942 _hX:8:(B), K4
_cGB
_2CC
999 _c626772
_d626772